000 01501naa a22003257a 4500
001 BR9600387
003 BR-BrBNA
005 20240918181811.0
007 ta
008 230509b bl.||||| |||| 00| 0 por d
040 _aBR-BrBNA
_bpor
_cBiblioteca Nacional de Agricultura
041 _a(Pt)
072 _aF30
_b3103
_b3140
090 _aF30 BR9600387
100 1 _aGuerra, M.P.
100 1 _aDe Lucca, P.
100 1 _aNietsche, S.
100 1 _aKemper, E.
111 1 _a1. Congresso Florestal Panamericano7. Congresso Florestal Brasileiro
_cCuritiba, PR (Brazil)
_d19-24 Sep 1993
245 1 _aBiotecnologia de coniferas: inducao e estabelecimento de linhagens celulares poliembriogeneticas de Araucaria angustifolia e Pinus elliottii
260 3 _aCuritiba, PR (Brasil):
_c1993.
500 _aAnais, 1. Congresso Florestal Panamericano. 7. Congresso Florestal Brasileiro. Floresta para desenvolvimento: politica, ambiente, tecnologia e mercado. Trabalhos voluntarios e posters. v. 1. Curitiba, PR (Brasil): 1993. p. 87-90 (BR9600387-AM)F30
650 _aArvore Conifera
650 _aAraucaria
650 _aPinheiro
650 _aMelhoramento Vegetal
773 0 _tAnais, 1. Congresso Florestal Panamericano. 7. Congresso Florestal Brasileiro. Floresta para desenvolvimento: politica, ambiente, tecnologia e mercado. Trabalhos voluntarios e posters. v. 1.
_wF30 BR9600387
_gCuritiba, PR (Brasil), 1993. p. 87-90
909 _a202404
_bLucia
_c55
_dLucia Elande
942 _cAM
_2AGRIS
999 _c326898
_d326898